[Event "Ports Lge"]
[Site "?"]
[Date "1983.??.??"]
[Round "?"]
[White "Brameld, Arthur F"]
[Black "Cochran, Brian"]
[Result "1-0"]
[WhiteElo "2220"]
[BlackElo "2825"]
[PlyCount "71"]
[EventDate "1983.??.??"]
[EventType "swiss"]

1. e4 e6 2. d4 d5 3. Nc3 dxe4 4. Nxe4 Be7 5. Ne2 b6 6. N2g3 Bb7 7. Bb5+ Nd7 8. O-O a6 9. Ba4 b5 10. Bb3 Ngf6 11. Qe2 O-O 12. Rd1 Qc8 13. Ng5 c5 14. Bxe6 Qc6 15. d5 Qb6 16. Bxd7 Nxd5 17. Rxd5 Bxd5 18. Qxe7 Qb7 19. N5e4 Bxe4 20. Qxe4 Qxd7 21. Be3 Rfe8 22. Qf3 c4 23. Rd1 Qe6 24. Qf5 Qxf5 25. Nxf5 Rad8 26. Rxd8 Rxd8 27. Kf1 Rd1+ 28. Ke2 Ra1 29. a3 g6 30. Ne7+ Kf8 31. Nd5 f5 32. g3 Kf7 33. Kd2 h5 34. h4 a5 35. Kc3 Rd1 36. Nc7 1-0

[Event "CoshCh"]
[Site "?"]
[Date "1984.??.??"]
[Round "?"]
[White "Langley, Arthur"]
[Black "Brameld, Arthur F"]
[Result "0-1"]
[WhiteElo "1680"]
[BlackElo "2220"]
[PlyCount "112"]
[EventDate "1984.??.??"]
[EventType "swiss"]

1. d4 Nf6 2. c4 e6 3. Nc3 Bb4 4. Bd2 b6 5. e3 Bb7 6. a3 Bxc3 7. Bxc3 Ne4 8. Qd3 d5 9. b3 a5 10. Ra2 a4 11. Ba1 axb3 12. Qxb3 O-O 13. Qd1 dxc4 14. Bxc4 Nd6 15. Bf1 Bd5 16. Rd2 Rxa3 17. Nf3 Nd7 18. Bb2 Ra2 19. Bd3 Nf6 20. O-O Qa8 21. Bb1 Ra7 22. h3 Nde4 23. Re2 Bc4 24. Bd3 Qd5 25. Bxc4 Qxc4 26. Ne5 Qd5 27. Rc2 Qb3 28. Qd3 Qxd3 29. Nxd3 Nd5 30. f3 Nxe3 31. Re2 Nxf1 32. Rxe4 Nd2 33. Re5 Nc4 34. Rb5 Nxb2 35. Rxb2 Rd8 36. Nb4 Rxd4 37. Nc6 Ra1+ 38. Kh2 h5 39. Nxd4 Ra4 40. Nc6 Rc4 41. Ne7+ Kf8 42. Nc8 Rc5 43. Nxb6 cxb6 44. Rxb6 Ke7 45. Rb7+ Kf6 46. Rd7 Rf5 47. Kg3 Rg5+ 48. Kf2 Rd5 49. Rc7 h4 50. g4 Rd2+ 51. Kg1 e5 52. Rb7 Kg6 53. Re7 f6 54. Re8 Kg5 55. Rh8 Kf4 56. Rxh4 Kg3 0-1

[Event "Ports Lge"]
[Site "?"]
[Date "1984.??.??"]
[Round "?"]
[White "Rossiter, Philip"]
[Black "Brameld, Arthur F"]
[Result "0-1"]
[WhiteElo "2040"]
[BlackElo "2220"]
[PlyCount "98"]
[EventDate "1984.??.??"]
[EventType "swiss"]

1. e4 Nf6 2. Nc3 d5 3. e5 Ne4 4. Nxe4 dxe4 5. d4 exd3 6. Bxd3 Nc6 7. Nf3 Bg4 8. Bf4 Qd5 9. c3 O-O-O 10. Bc2 Qc4 11. Qc1 g5 12. Bg3 h5 13. h3 Bxf3 14. gxf3 h4 15. Bh2 e6 16. Qe3 Bc5 17. Qe2 Qxe2+ 18. Kxe2 Bxf2 19. Be4 Bb6 20. f4 Rhg8 21. Rhf1 g4 22. hxg4 Rxg4 23. Bf3 Rgg8 24. Rh1 Ne7 25. Be4 Nf5 26. Rad1 Rxd1 27. Rxd1 Ng3+ 28. Bxg3 Rxg3 29. Bf3 h3 30. Rb1 h2 31. Rf1 Bg1 32. Bh1 Bc5 33. b4 Bb6 34. Bf3 c6 35. c4 Bd4 36. Rd1 c5 37. bxc5 Bxc5 38. Rb1 b6 39. Bc6 Kc7 40. Bf3 Bg1 41. Bh1 Rc3 42. Rf1 Rxc4 43. Kd3 Rd4+ 44. Ke2 Ra4 45. Kd3 Ra3+ 46. Kc4 Rxa2 47. Rc1 Bc5 48. f5 exf5 49. Bd5 Re2 0-1

[Event "HLge"]
[Site "?"]
[Date "1984.??.??"]
[Round "?"]
[White "Brameld, Arthur F"]
[Black "Attwood, J."]
[Result "1-0"]
[WhiteElo "2220"]
[BlackElo "1980"]
[PlyCount "83"]
[EventDate "1984.??.??"]
[EventType "simul"]
[EventRounds "3"]

1. e4 c5 2. Nf3 e6 3. d4 cxd4 4. Nxd4 a6 5. Be3 Qc7 6. Be2 Nf6 7. Nd2 Nc6 8. O-O d5 9. Nxc6 bxc6 10. exd5 cxd5 11. c4 Bb7 12. Rc1 Qd7 13. Nb3 Rc8 14. Na5 Ba8 15. c5 Rd8 16. c6 Qc7 17. Qa4 Bd6 18. Bb6 Qxb6 19. c7+ Ke7 20. cxd8=Q+ Rxd8 21. Nc6+ Bxc6 22. Rxc6 Qxb2 23. Qxa6 Qe5 24. g3 h5 25. h4 Ne4 26. Qd3 g5 27. hxg5 Qxg5 28. Ra6 Rd7 29. Kg2 h4 30. g4 Qf4 31. Qh3 Ng5 32. Qxh4 Qe4+ 33. Kg1 Bf4 34. Re1 Qxe2 35. Qxg5+ Bxg5 36. Rxe2 Bf6 37. f4 Rb7 38. f5 e5 39. Rg2 Rb1+ 40. Kh2 Bg5 41. Rc2 Bf4+ 42. Kg2 1-0

[Event "NatClubPlate"]
[Site "?"]
[Date "1984.??.??"]
[Round "?"]
[White "Watson, Ian R"]
[Black "Brameld, Arthur F"]
[Result "1/2-1/2"]
[WhiteElo "2255"]
[BlackElo "2220"]
[PlyCount "66"]
[EventDate "1984.??.??"]
[EventType "game"]

1. d4 Nf6 2. c4 e6 3. Nc3 Bb4 4. f3 d5 5. a3 Bxc3+ 6. bxc3 b6 7. cxd5 exd5 8. e3 O-O 9. Bd3 Ba6 10. Ne2 Bxd3 11. Qxd3 Re8 12. O-O c5 13. Ng3 Nc6 14. Bb2 Rc8 15. Rad1 Rc7 16. e4 dxe4 17. fxe4 Rd7 18. Qb5 Na5 19. Rde1 Rde7 20. Qd3 Nc6 21. Rxf6 gxf6 22. Nh5 Re5 23. Qf3 Rxh5 24. Qxh5 Qd7 25. Re3 cxd4 26. cxd4 Nxd4 27. h3 Re6 28. Qd1 Rd6 29. Kh1 Nb5 30. Rg3+ Kf8 31. Qh5 Nd4 32. Qxh7 Ne2 33. Rg8+ Ke7 1/2-1/2

[Event "Ports Lge"]
[Site "?"]
[Date "1984.??.??"]
[Round "?"]
[White "Brameld, Arthur F"]
[Black "Rossiter, Philip"]
[Result "1-0"]
[WhiteElo "2220"]
[BlackElo "2040"]
[PlyCount "41"]
[EventDate "1984.??.??"]
[EventType "swiss"]

1. e4 e5 2. Nf3 Nc6 3. d4 exd4 4. c3 d5 5. exd5 Qxd5 6. cxd4 Bg4 7. Be2 O-O-O 8. Nc3 Bb4 9. O-O Qa5 10. a3 Bxc3 11. bxc3 Nf6 12. Rb1 a6 13. Qb3 b5 14. h3 Be6 15. c4 Rxd4 16. Be3 Rxc4 17. Bxc4 Bxc4 18. Qc2 Kb7 19. Qxc4 Qxa3 20. Rfc1 Qd6 21. Nd4 1-0

[Event "IntService"]
[Site "?"]
[Date "1984.??.??"]
[Round "?"]
[White "Brameld, Arthur F"]
[Black "Aslett, A."]
[Result "1-0"]
[WhiteElo "2220"]
[BlackElo "1965"]
[PlyCount "69"]
[EventDate "1984.??.??"]
[EventType "simul"]
[EventRounds "2"]

1. e4 c5 2. Nf3 d6 3. d4 cxd4 4. Qxd4 Nc6 5. Bb5 Bd7 6. Bxc6 Bxc6 7. Nc3 e5 8. Qd3 Be7 9. h4 Rc8 10. Bg5 Qc7 11. O-O-O h6 12. Bxe7 Kxe7 13. h5 Nf6 14. Nh4 Rhd8 15. Nf5+ Kf8 16. Qg3 Ne8 17. Rd2 d5 18. exd5 Bxd5 19. Re1 f6 20. Nh4 Be6 21. Rxd8 Rxd8 22. Qe3 Qa5 23. a3 Rd4 24. f4 Bf7 25. g3 Bxh5 26. fxe5 fxe5 27. Nf5 Rd8 28. Rf1 Nf6 29. Nxh6 Bg6 30. Qg5 Bf7 31. Nf5 Ne8 32. Qe7+ Kg8 33. Nh6+ gxh6 34. Rxf7 Qb6 35. Rf8# 1-0

[Event "CoshCh"]
[Site "?"]
[Date "1984.??.??"]
[Round "?"]
[White "Brameld, Arthur F"]
[Black "Carter, Brian"]
[Result "1-0"]
[WhiteElo "2220"]
[BlackElo "1960"]
[PlyCount "89"]
[EventDate "1984.??.??"]
[EventType "swiss"]

1. e4 e6 2. d4 d5 3. Nc3 Nf6 4. Bg5 Bb4 5. e5 h6 6. Bd2 Bxc3 7. bxc3 Ne4 8. Bd3 Nxd2 9. Qxd2 c5 10. f4 cxd4 11. cxd4 Nc6 12. Ne2 f5 13. exf6 Qxf6 14. c3 Bd7 15. O-O Ne7 16. Ng3 g6 17. Rae1 Nf5 18. Re5 h5 19. Nxf5 gxf5 20. Bxf5 O-O-O 21. Bh3 Rde8 22. f5 exf5 23. Bxf5 Bxf5 24. Rfxf5 Qg6 25. Qg5 Qb6 26. Rf1 Qb5 27. c4 Qb6 28. Rxe8+ Rxe8 29. Qxd5 Rd8 30. Qf5+ Kb8 31. Qf4+ Kc8 32. Rd1 Qb4 33. d5 Rf8 34. Qd4 b6 35. d6 Rd8 36. Qd5 Qc5+ 37. Qxc5+ bxc5 38. Rd5 Kb7 39. d7 Kc6 40. Kf2 Rxd7 41. Rxd7 Kxd7 42. Kf3 Kc6 43. Ke4 Kd6 44. Kf5 a5 45. a4 1-0

[Event "HLge"]
[Site "?"]
[Date "1984.??.??"]
[Round "?"]
[White "Brameld, Arthur F"]
[Black "Tidmarsh, G."]
[Result "0-1"]
[WhiteElo "2220"]
[BlackElo "2085"]
[PlyCount "64"]
[EventDate "1984.??.??"]
[EventType "simul"]
[EventRounds "3"]

1. e4 e5 2. f4 Bc5 3. Nf3 d6 4. Nc3 Nf6 5. Bc4 Nc6 6. d3 a6 7. f5 h6 8. Qe2 Na5 9. Be3 Bb4 10. Nd2 Nxc4 11. Nxc4 O-O 12. O-O b5 13. Nd2 Bb7 14. Rf2 d5 15. Nxd5 Bxd5 16. exd5 Qxd5 17. a3 Be7 18. Nb1 Rad8 19. Nc3 Qc6 20. Kh1 Rfe8 21. Re1 Bxa3 22. bxa3 Qxc3 23. g4 Qc6+ 24. Rg2 Nd5 25. g5 Nf4 26. Bxf4 exf4 27. Qf2 Rxe1+ 28. Qxe1 hxg5 29. h4 f3 30. Rf2 g4 31. Qe5 Re8 32. Qd4 g3 0-1

[Event "Ports Lge"]
[Site "?"]
[Date "1984.??.??"]
[Round "?"]
[White "Brameld, Arthur F"]
[Black "Goddard, Jonathan"]
[Result "1-0"]
[WhiteElo "2220"]
[BlackElo "1950"]
[PlyCount "108"]
[EventDate "1984.??.??"]
[EventType "swiss"]

1. e4 d6 2. d4 Nf6 3. Nc3 g6 4. f4 Bg7 5. Bd3 O-O 6. Nf3 Nbd7 7. e5 Ne8 8. Ne4 c5 9. c3 cxd4 10. cxd4 Nb6 11. Ng3 dxe5 12. dxe5 Nc7 13. O-O Nbd5 14. a3 b6 15. Qe2 Bb7 16. f5 a5 17. e6 Ba6 18. exf7+ Rxf7 19. Bxa6 Nxa6 20. Ng5 Rf6 21. Ne6 Qd7 22. Bg5 Rf7 23. fxg6 hxg6 24. Rxf7 Kxf7 25. Rf1+ Nf6 26. Nxg7 Kxg7 27. Qe5 Rf8 28. Ne4 Qd8 29. h4 Nb8 30. Bxf6+ exf6 31. Qe6 Qd4+ 32. Kh1 f5 33. h5 Qxe4 34. h6+ Kxh6 35. Qxe4 fxe4 36. Rxf8 Nd7 37. Rd8 Nc5 38. Rd6 e3 39. Rd5 Na4 40. Re5 Nxb2 41. Rxe3 b5 42. Rh3+ Kg7 43. Rb3 Nc4 44. Rxb5 Nxa3 45. Rxa5 Nc4 46. Ra6 Kh6 47. Kh2 Ne5 48. Ra5 Nc4 49. Rc5 Nd6 50. Kh3 Ne4 51. Ra5 Nd2 52. Kh4 Nc4 53. Rc5 Nd2 54. Rd5 Ne4 1-0

[Event "ColeCup"]
[Site "?"]
[Date "1984.??.??"]
[Round "?"]
[White "Brameld, Arthur F"]
[Black "Bunce, R."]
[Result "1-0"]
[WhiteElo "2220"]
[BlackElo "2680"]
[PlyCount "29"]
[EventDate "1984.??.??"]
[EventType "simul"]
[EventRounds "4"]

1. e4 e5 2. f4 d6 3. Bc4 Nf6 4. Nc3 Bg4 5. Nf3 Be7 6. h3 Bxf3 7. Qxf3 O-O 8. d3 Re8 9. f5 h6 10. Be3 Bf8 11. g4 Nh7 12. h4 Nd7 13. g5 hxg5 14. hxg5 Nxg5 15. Qh5 1-0

[Event "CoshCh"]
[Site "?"]
[Date "1984.??.??"]
[Round "?"]
[White "Brameld, Arthur F"]
[Black "Bryan, Colin"]
[Result "1-0"]
[WhiteElo "2220"]
[BlackElo "1900"]
[PlyCount "41"]
[EventDate "1984.??.??"]
[EventType "swiss"]

1. e4 e5 2. f4 d6 3. Nf3 Nc6 4. Nc3 Nf6 5. Bc4 Be7 6. d3 O-O 7. f5 h6 8. a3 Nh7 9. Nd5 Bf6 10. Be3 Ne7 11. Qd2 Nxd5 12. Bxd5 c6 13. Bb3 d5 14. h4 dxe4 15. dxe4 Qxd2+ 16. Bxd2 Re8 17. g4 Nf8 18. g5 Bd8 19. g6 Kh8 20. gxf7 Re7 21. Bb4 1-0

[Event "HLge"]
[Site "?"]
[Date "1984.??.??"]
[Round "?"]
[White "Brameld, Arthur F"]
[Black "Le Fevre, Norman"]
[Result "1-0"]
[WhiteElo "2220"]
[BlackElo "1765"]
[PlyCount "69"]
[EventDate "1984.??.??"]
[EventType "simul"]
[EventRounds "3"]

1. e4 c5 2. Nf3 d6 3. d4 cxd4 4. Qxd4 Nc6 5. Bb5 a6 6. Bxc6+ bxc6 7. c4 c5 8. Qe3 g6 9. Nc3 Bg7 10. b3 Nf6 11. Bb2 O-O 12. Rd1 Bb7 13. Rd2 Qc7 14. h3 Rfd8 15. O-O e5 16. Rfd1 Ne8 17. Rd3 Qe7 18. Qd2 Rac8 19. Bc1 Bf8 20. Qe1 f6 21. Nh2 Qe6 22. f3 Qf7 23. Ng4 Rc7 24. Bh6 Rcd7 25. Bxf8 Qxf8 26. Qh4 h5 27. Ne3 Rh7 28. Ncd5 Kg7 29. f4 Bxd5 30. Nxd5 exf4 31. Qxf4 Kg8 32. Rf1 Rf7 33. Qg3 Kg7 34. Nf4 g5 35. Ne6+ 1-0

[Event "RNCC"]
[Site "?"]
[Date "1984.??.??"]
[Round "1"]
[White "Schreiber, Ian"]
[Black "Brameld, Arthur F"]
[Result "0-1"]
[WhiteElo "1750"]
[BlackElo "2220"]
[PlyCount "136"]
[EventDate "1984.??.??"]
[EventType "simul"]
[EventRounds "5"]

1. d4 c5 2. e3 g6 3. c3 Bg7 4. Bd3 d6 5. Nd2 Nc6 6. Ngf3 Nh6 7. h3 O-O 8. g4 e5 9. d5 Nb8 10. e4 f5 11. g5 Nf7 12. h4 f4 13. Ke2 Bg4 14. Qg1 Qd7 15. Ke1 Na6 16. Nh2 Bh5 17. Be2 Bxe2 18. Kxe2 Rfc8 19. Nhf3 c4 20. h5 Nc5 21. hxg6 hxg6 22. Nh4 Nh8 23. f3 Nd3 24. Qh2 b5 25. Ng2 a5 26. Ne1 Qa7 27. Qg1 Nxe1 28. Kxe1 Qxg1+ 29. Rxg1 Rab8 30. a3 Bf8 31. Nf1 Nf7 32. Nh2 Be7 33. Bd2 Nxg5 34. Ke2 Kf7 35. Ng4 Rh8 36. Rh1 Nh3 37. Rh2 Rh5 38. Rah1 Rbh8 39. Be1 Bd8 40. Kf1 Ng5 41. Kg2 Rxh2+ 42. Rxh2 Rxh2+ 43. Nxh2 Nh7 44. Ng4 Nf8 45. Bf2 Nd7 46. Kh3 Nb6 47. Bxb6 Bxb6 48. Kg2 Bc5 49. Kf1 b4 50. axb4 axb4 51. cxb4 Bxb4 52. Nf2 Kf6 53. Ke2 Kg5 54. Kf1 Kh4 55. Kg2 Bd2 56. Nd1 Bc1 57. Kh2 g5 58. Kg2 g4 59. fxg4 Kxg4 60. Nf2+ Kg5 61. Nd1 Be3 62. Kf3 Bd4 63. Ke2 Kf6 64. Kd2 Kg5 65. Ke2 Kg4 66. Nf2+ Bxf2 67. Kxf2 f3 68. Kf1 Kf4 0-1

[Event "RNCC"]
[Site "?"]
[Date "1984.??.??"]
[Round "3"]
[White "Ross, R."]
[Black "Brameld, Arthur F"]
[Result "0-1"]
[WhiteElo "2835"]
[BlackElo "2220"]
[PlyCount "122"]
[EventDate "1984.??.??"]
[EventType "simul"]
[EventRounds "5"]

1. e4 Nf6 2. Nc3 d5 3. e5 Ne4 4. d4 Nxc3 5. bxc3 c5 6. Nf3 Nc6 7. Be2 Bg4 8. O-O e6 9. Rb1 Rb8 10. h3 Bxf3 11. Bxf3 Be7 12. Bg4 Qa5 13. Qd3 Qxa2 14. Be3 Qc4 15. Qd2 cxd4 16. cxd4 Bb4 17. Qd1 Na5 18. Be2 Qc3 19. Bb5+ Kf8 20. Bc1 Rc8 21. Ba4 a6 22. f4 b5 23. Bb3 g6 24. Bb2 Qd2 25. Qf3 Be7 26. Rf2 Qb4 27. Ba2 Qa4 28. Bb3 Nxb3 29. cxb3 Qa5 30. Ra1 Qb6 31. Qd3 Kg7 32. Rc2 Rxc2 33. Qxc2 Ra8 34. g4 Rg8 35. Kh2 Kh8 36. f5 exf5 37. gxf5 gxf5 38. Qxf5 Qg6 39. Qxg6 Rxg6 40. Rc1 Bg5 41. Rc7 Kg8 42. Rc8+ Kg7 43. Ba3 Bf4+ 44. Kh1 Rg3 45. Bf8+ Kg6 46. Rc6+ Kf5 47. Rf6+ Ke4 48. Rxf7 Rxh3+ 49. Kg2 Rg3+ 50. Kh1 Rg6 51. Bc5 Be3 52. Rxh7 a5 53. Ra7 Bxd4 54. Bxd4 Kxd4 55. Rxa5 Kc5 56. Ra2 Re6 57. Re2 Kb4 58. Re3 d4 59. Re4 Kc3 60. Kg2 d3 61. Kf2 Kc2 0-1

[Event "RNCC"]
[Site "?"]
[Date "1984.??.??"]
[Round "4"]
[White "Brameld, Arthur F"]
[Black "Farmer, R."]
[Result "1-0"]
[WhiteElo "2220"]
[BlackElo "1735"]
[PlyCount "79"]
[EventDate "1984.??.??"]
[EventType "simul"]
[EventRounds "5"]

1. e4 e6 2. d4 d5 3. Nc3 Bb4 4. Nge2 c5 5. dxc5 Nc6 6. a3 Bxc5 7. exd5 exd5 8. Qxd5 Qe7 9. Ne4 Nf6 10. Nxf6+ gxf6 11. b4 Bd4 12. Rb1 Be6 13. Qe4 f5 14. Qf3 Rd8 15. Be3 Ne5 16. Qf4 Bxe3 17. Qxe3 Qd6 18. Nf4 Ke7 19. Be2 Qd4 20. Qxd4 Rxd4 21. Nxe6 fxe6 22. Rd1 Rhd8 23. Rxd4 Rxd4 24. h4 Kd6 25. Rh3 Kd5 26. h5 Kd6 27. Rg3 Ng4 28. Bxg4 Rxg4 29. Rxg4 fxg4 30. Ke2 Kd5 31. f3 gxf3+ 32. Kxf3 b5 33. Kf4 e5+ 34. Kf5 Kd4 35. g4 e4 36. Kf4 e3 37. Kf3 h6 38. g5 hxg5 39. h6 g4+ 40. Ke2 1-0

[Event "RNCC"]
[Site "?"]
[Date "1984.??.??"]
[Round "5"]
[White "Brokenshire, Laurie P"]
[Black "Brameld, Arthur F"]
[Result "1/2-1/2"]
[WhiteElo "1880"]
[BlackElo "2220"]
[PlyCount "116"]
[EventDate "1984.??.??"]
[EventType "simul"]
[EventRounds "5"]

1. e4 Nf6 2. Nc3 d5 3. e5 Ne4 4. d4 Nxc3 5. bxc3 c5 6. Qf3 Nc6 7. Ne2 g6 8. Rb1 Bg7 9. g3 cxd4 10. cxd4 Qa5+ 11. c3 Bf5 12. Rxb7 Nd8 13. Rb2 Be4 14. Qe3 Bxh1 15. f3 h5 16. Kf2 Bh6 17. Qd3 Bxc1 18. Nxc1 h4 19. gxh4 Rc8 20. Ne2 Rxh4 21. Kg1 Bxf3 22. Qxf3 Ne6 23. Qg3 g5 24. Bh3 Qa6 25. Qf3 Qc6 26. Rb1 Rd8 27. Bf1 a6 28. Bh3 Ng7 29. Rf1 Qg6 30. Bg4 e6 31. c4 dxc4 32. Qc6+ Kf8 33. h3 Kg8 34. Qxc4 Qe4 35. Qxa6 Nf5 36. Bxf5 exf5 37. Qf6 Qe3+ 38. Rf2 Rb8 39. Qxf5 Rh7 40. Kg2 Rg7 41. d5 Re8 42. d6 Rxe5 43. d7 Rxf5 44. d8=Q+ Kh7 45. Rxf5 Qxe2+ 46. Rf2 Qe4+ 47. Kh2 f5 48. Qd1 g4 49. hxg4 fxg4 50. Kg3 Qe3+ 51. Kg2 Qe4+ 52. Kg3 Qe5+ 53. Kg2 g3 54. Qd3+ Kh6 55. Re2 Qf4 56. Qe3 Kg5 57. Qc5+ Kg4 58. Qc8+ Kg5 1/2-1/2

[Event "Ports Lge"]
[Site "?"]
[Date "1984.??.??"]
[Round "?"]
[White "Le Blancq, Simon"]
[Black "Brameld, Arthur F"]
[Result "0-1"]
[WhiteElo "2200"]
[BlackElo "2220"]
[PlyCount "110"]
[EventDate "1984.??.??"]
[EventType "swiss"]

1. e4 Nf6 2. Nc3 d5 3. e5 d4 4. exf6 dxc3 5. fxg7 cxd2+ 6. Bxd2 Bxg7 7. Qf3 Qd6 8. O-O-O Qf6 9. Qxf6 Bxf6 10. Ne2 Bf5 11. Bc3 Bxc3 12. Nxc3 c6 13. Bd3 Bxd3 14. Rxd3 Nd7 15. Re1 Nf6 16. Rf3 Nd5 17. Ne4 Rd8 18. Ng5 f6 19. Ne6 Rd6 20. a3 Kf7 21. Nc5 b6 22. Ne4 Rd7 23. Ng5+ Kg6 24. Ne6 Kf7 25. Rg3 Rg8 26. Rxg8 Kxg8 27. c4 Nc7 28. Nxc7 Rxc7 29. Rd1 Kf7 30. Rd8 e6 31. Kd2 Ke7 32. Rh8 Rd7+ 33. Kc3 Kd6 34. h4 Ke5 35. Rg8 Rd1 36. Rg7 Rf1 37. f3 Rf2 38. h5 a5 39. h6 f5 40. b4 a4 41. b5 c5 42. Rxh7 Rxg2 43. Rb7 Rg3 44. Rxb6 Rxf3+ 45. Kd2 Rh3 46. Rc6 Rxh6 47. Rxc5+ Kd4 48. Rc6 Rh2+ 49. Ke1 e5 50. b6 Rb2 51. c5 f4 52. Rc7 f3 53. b7 Ke3 54. Kd1 f2 55. Rf7 Rxb7 0-1

[Event "IntService"]
[Site "?"]
[Date "1984.??.??"]
[Round "?"]
[White "Turner, Anthony"]
[Black "Brameld, Arthur F"]
[Result "1-0"]
[WhiteElo "2080"]
[BlackElo "2220"]
[PlyCount "51"]
[EventDate "1984.??.??"]
[EventType "simul"]
[EventRounds "2"]

1. d4 c5 2. e3 b6 3. Nf3 e6 4. b3 Bb7 5. Bb2 f5 6. Nbd2 Nf6 7. c4 Be7 8. Be2 O-O 9. O-O Ne4 10. Nxe4 fxe4 11. Ne1 cxd4 12. Qxd4 Bf6 13. Qd2 Bxb2 14. Qxb2 Nc6 15. Rd1 Rf7 16. f3 Qg5 17. Qd2 Raf8 18. f4 Qc5 19. Kh1 g5 20. Nc2 gxf4 21. exf4 Qf5 22. Ne3 Qg6 23. Qd6 Qh6 24. g3 Rg7 25. Kg1 Kh8 26. Qxf8+ 1-0

[Event "Ports Lge"]
[Site "?"]
[Date "1984.??.??"]
[Round "?"]
[White "Brameld, Arthur F"]
[Black "Wheeler, John F"]
[Result "1/2-1/2"]
[WhiteElo "2220"]
[BlackElo "2175"]
[PlyCount "129"]
[EventDate "1984.??.??"]
[EventType "swiss"]

1. e4 d6 2. d4 Nf6 3. Nc3 g6 4. f4 Bg7 5. Bd3 O-O 6. Nf3 Nc6 7. e5 dxe5 8. dxe5 Nd5 9. Nxd5 Qxd5 10. Qe2 Bg4 11. Be4 Qd7 12. Be3 Rfd8 13. O-O Nd4 14. Bxd4 Bxf3 15. Qxf3 Qxd4+ 16. Kh1 e6 17. g4 c6 18. c3 Qc5 19. Rad1 Qe7 20. Rd4 f5 21. gxf5 exf5 22. Bc2 Rxd4 23. cxd4 Rd8 24. Bb3+ Kh8 25. Rd1 Qh4 26. Qe3 Bh6 27. Rf1 Qe7 28. Rd1 Qh4 29. Rf1 Qe7 30. a3 Qh4 31. Ba2 g5 32. e6 gxf4 33. Qe5+ Bg7 34. Qxf4 Qxf4 35. Rxf4 Re8 36. b4 Re7 37. Kg2 Bh6 38. Rxf5 Be3 39. Rf8+ Kg7 40. Rd8 a6 41. Kf3 Bc1 42. a4 Bd2 43. b5 axb5 44. axb5 Ba5 45. Rc8 cxb5 46. Ke4 Kf6 47. Rc5 Bb6 48. Rxb5 Bc7 49. h3 b6 50. Rf5+ Kg6 51. Rf3 b5 52. Kd5 b4 53. Kc6 Bh2 54. Rf7 Rxf7 55. exf7 Kg7 56. Kd7 Kf8 57. Ke6 Bc7 58. d5 Bd8 59. d6 h6 60. Kd7 Bb6 61. Kc6 Ba5 62. Kb5 Bd8 63. Kxb4 Bb6 64. Kb5 Bd8 65. Kc6 1/2-1/2

[Event "ColeCup"]
[Site "?"]
[Date "1984.??.??"]
[Round "?"]
[White "Brameld, Arthur F"]
[Black "Wheeler, John F"]
[Result "1/2-1/2"]
[WhiteElo "2220"]
[BlackElo "2175"]
[PlyCount "112"]
[EventDate "1984.??.??"]
[EventType "simul"]
[EventRounds "4"]

1. e4 d6 2. d4 Nf6 3. Nc3 g6 4. f4 Bg7 5. Bd3 O-O 6. Nf3 Nc6 7. O-O Bg4 8. Be3 e5 9. dxe5 dxe5 10. h3 exf4 11. Bc5 Bxf3 12. Qxf3 Nh5 13. Bxf8 Qxf8 14. Ne2 Nd4 15. Nxd4 Bxd4+ 16. Kh2 Qe7 17. Rad1 Re8 18. Bb5 Rd8 19. c3 Be3 20. Rxd8+ Qxd8 21. Rd1 Qe7 22. Ba4 c6 23. Bb3 Nf6 24. Bc2 Nd7 25. Qg4 Nb6 26. h4 h5 27. Qg5 Qxg5 28. hxg5 Nc4 29. Rd7 b5 30. Bb3 Ne5 31. Rc7 Kf8 32. Kh3 Ke8 33. Rb7 Bf2 34. Bd1 Bg3 35. Be2 a5 36. a4 bxa4 37. Ra7 Nd7 38. Rxa5 f6 39. gxf6 Nxf6 40. Rg5 Kf7 41. Bd3 Nh7 42. Rxg3 fxg3 43. Kxg3 Ke6 44. Kf4 g5+ 45. Ke3 Ke5 46. Bc2 Nf6 47. Bxa4 c5 48. Bc6 h4 49. b4 cxb4 50. cxb4 Kd6 51. b5 Kc5 52. Kf3 g4+ 53. Kf4 h3 54. gxh3 gxh3 55. Kg3 Nxe4+ 56. Kxh3 Nd6 1/2-1/2

[Event "Ports Lge"]
[Site "?"]
[Date "1984.??.??"]
[Round "?"]
[White "Wells, Peter K"]
[Black "Brameld, Arthur F"]
[Result "0-1"]
[WhiteElo "2320"]
[BlackElo "2220"]
[PlyCount "56"]
[EventDate "1984.??.??"]
[EventType "swiss"]

1. d4 c5 2. d5 e5 3. e4 d6 4. Nc3 Ne7 5. h4 a6 6. h5 f5 7. a4 Nd7 8. h6 Nf6 9. Bg5 Qb6 10. hxg7 Bxg7 11. Bxf6 Bxf6 12. Qh5+ Ng6 13. O-O-O f4 14. g3 Bd7 15. Bh3 O-O-O 16. Nf3 Bxh3 17. Qxh3+ Kb8 18. Qe6 Rdf8 19. Kb1 Be7 20. g4 Rf6 21. Qd7 Rd8 22. a5 Qxa5 23. Qa4 Qxa4 24. Nxa4 Rf7 25. Rh5 Rg8 26. Nc3 Nf8 27. Nh2 Rfg7 28. Ne2 Rg5 0-1

[Event "CoshCh"]
[Site "?"]
[Date "1984.??.??"]
[Round "?"]
[White "Brameld, Arthur F"]
[Black "Crossin, Austin D"]
[Result "1-0"]
[WhiteElo "2220"]
[BlackElo "1845"]
[PlyCount "85"]
[EventDate "1984.??.??"]
[EventType "swiss"]

1. d4 d5 2. c4 Nf6 3. cxd5 Nxd5 4. e4 Nf6 5. Nc3 e6 6. Nf3 Bb4 7. Bd3 O-O 8. O-O Nc6 9. e5 Nd5 10. Qc2 h6 11. Ne4 Be7 12. a3 Bd7 13. b4 a6 14. Bd2 Na7 15. Nc5 Rb8 16. Rfe1 Be8 17. Qc1 g5 18. Bb1 Bxc5 19. dxc5 f5 20. Nd4 Qe7 21. h4 f4 22. Qc2 Bd7 23. hxg5 hxg5 24. Nf3 Rf7 25. Nh2 Rg7 26. Ng4 Be8 27. Qb3 Bh5 28. Qh3 Bxg4 29. Qxg4 Qf7 30. a4 Nc6 31. b5 Nd4 32. Ra3 f3 33. Qxd4 g4 34. Bh6 Rf8 35. Bxg7 Qxg7 36. Re4 g3 37. Rg4 gxf2+ 38. Kxf2 fxg2+ 39. Kg3 Nf4 40. Rxg7+ Kxg7 41. Qd7+ Rf7 42. Qxf7+ Kxf7 43. Kh2 1-0

[Event "CoshClub"]
[Site "?"]
[Date "1984.??.??"]
[Round "?"]
[White "Brameld, Arthur F"]
[Black "Carter, Anthony FC"]
[Result "1-0"]
[WhiteElo "2220"]
[BlackElo "2030"]
[PlyCount "95"]
[EventDate "1984.??.??"]
[EventType "simul"]
[EventRounds "2"]

1. Nf3 c5 2. e4 Nc6 3. b4 cxb4 4. d4 d5 5. exd5 Qxd5 6. c4 Qd6 7. Bb2 Bg4 8. Be2 Nf6 9. O-O e6 10. h3 Bh5 11. Re1 Be7 12. d5 exd5 13. cxd5 Nxd5 14. Bxg7 Rg8 15. Be5 Nxe5 16. Nxe5 Bxe2 17. Rxe2 Rxg2+ 18. Kh1 Nf4 19. Qxd6 Bxd6 20. Nc4+ Nxe2 21. Nxd6+ Kd7 22. Kxg2 Kxd6 23. Nd2 Rc8 24. Kf3 Nd4+ 25. Ke4 Nb5 26. Rg1 Rc2 27. Kd3 Rc3+ 28. Ke4 Rxh3 29. Rg7 Ke6 30. Nf3 Nc3+ 31. Kf4 Kf6 32. Rg8 Nxa2 33. Rb8 b6 34. Kg4 Rxf3 35. Kxf3 b3 36. Rd8 b2 37. Rd6+ Ke7 38. Rd1 Nc1 39. Kg2 b1=Q 40. Re1+ Kf6 41. Kf1 Qd3+ 42. Kg2 h5 43. Re3 Qg6+ 44. Kf1 h4 45. Rf3+ Ke7 46. Re3+ Kf8 47. Ke1 Nd3+ 48. Ke2 {Black now made the illegal move 48....N(d3) to f5 and therefore lost the game!} 1-0

[Event "ColeCup"]
[Site "?"]
[Date "1984.??.??"]
[Round "?"]
[White "Brameld, Arthur F"]
[Black "Gregory, Keith DF"]
[Result "1-0"]
[WhiteElo "2220"]
[BlackElo "2125"]
[PlyCount "101"]
[EventDate "1984.??.??"]
[EventType "simul"]
[EventRounds "4"]

1. e4 g6 2. d4 Bg7 3. Nc3 d6 4. f4 Nf6 5. Bd3 O-O 6. Nf3 c5 7. dxc5 dxc5 8. e5 Nd5 9. Nxd5 Qxd5 10. Qe2 Nc6 11. Be4 Qd8 12. c3 Be6 13. Be3 Qa5 14. O-O f6 15. Qf2 Bc4 16. Rfd1 fxe5 17. b3 exf4 18. Bxc5 Be2 19. b4 Qa6 20. Bd5+ Kh8 21. Ng5 Bxd1 22. Rxd1 Ne5 23. Re1 h6 24. Qh4 Qf6 25. Rxe5 Qxe5 26. Nf7+ Rxf7 27. Bxf7 Qf6 28. Bxe7 Qxh4 29. Bxh4 g5 30. Be1 Rc8 31. c4 Bd4+ 32. Kf1 Kg7 33. Bd5 b6 34. b5 Re8 35. Bd2 Re5 36. a4 Kf6 37. a5 bxa5 38. Bxa5 Re3 39. Bd8+ Kg7 40. Bc7 Rc3 41. Bd6 Rc2 42. h3 h5 43. Ke1 Kf6 44. Bc7 Rc3 45. Bd8+ Kg6 46. Bc7 Bc5 47. Kd2 Rg3 48. Bc6 Be3+ 49. Ke2 g4 50. hxg4 hxg4 51. Be4+ {13 more moves led to position : 8,p7,8,1P6,2P2p2,4k1p1,5bP1,r2BBK2; and in   making the move Rd1, Black's flag fell. Result 1:0, Time, 64.} 1-0